Semiconductors teehnical information & characteristic data for students (Record no. 6402)

000 -LEADER
fixed length control field 00570nam a2200205 4500
001 - CONTROL NUMBER
control field 6402
003 - CONTROL NUMBER IDENTIFIER
control field BD-DhUET
008 - FIXED-LENGTH DATA ELEMENTS--GENERAL INFORMATION
fixed length control field 141202b/xxu||||| |||| 00| 0 eng d
020 ## - INTERNATIONAL STANDARD BOOK NUMBER
International Standard Book Number 3800915677
040 ## - CATALOGING SOURCE
Original cataloging agency DLC
Transcribing agency DLC
Modifying agency BD-DhUET
082 ## - DEWEY DECIMAL CLASSIFICATION NUMBER
Classification number 623.815
Item number SIE/1990
110 ## - MAIN ENTRY--CORPORATE NAME
Corporate name or jurisdiction name as entry element siemens akticngesellscaft
245 ## - TITLE STATEMENT
Title Semiconductors teehnical information & characteristic data for students
250 ## - EDITION STATEMENT
Edition statement 1st ed.
260 ## - PUBLICATION, DISTRIBUTION, ETC. (IMPRINT)
Place of publication, distribution, etc. Berlin
Name of publisher, distributor, etc. siemens akticngesellscaft
Date of publication, distribution, etc. 1990
300 ## - PHYSICAL DESCRIPTION
Extent 249 p.
504 ## - BIBLIOGRAPHY, ETC. NOTE
Bibliography, etc includes bibliographies
650 #0 - SUBJECT ADDED ENTRY--TOPICAL TERM
Topical term or geographic name as entry element Semiconductors-Electronics
942 ## - ADDED ENTRY ELEMENTS (KOHA)
Koha item type Corporate Publication
Holdings
Sublocation or collection (holding branch) Piece designation (barcode) Location (home branch) Damaged status Withdrawn status Not for loan Koha full call number Price effective from Copy number Koha item type Lost status Source of classification or shelving scheme Koha normalized classification for sorting Date acquired Shelving location Koha date last seen
Central Library, BUET85368Central Library, BUET   623.815/SIE/19902014-12-021Corporate Publication  623_815000000000000_SIE_19902014-12-02Circulation section2014-12-02
Central Library, BUET85367Central Library, BUET   623.815/SIE/19902014-12-022Corporate Publication  623_000000000000000_815SIE19902014-12-02Circulation section2014-12-02
Central Library, BUET85369Central Library, BUET   623.815 SIE/19902014-12-111General Book  623_815000000000000_SIE19902014-12-11Circulation section2014-12-11
Central Library, BUET85366Central Library, BUET   623.815 SIE/19902014-12-112General Book  623_815000000000000_SIE19902014-12-11Circulation section2014-12-11